000 01098nam a2200301Ia 4500
001 Para_8730
003 CHAP
008 220125s2003 xx 000 0 und d
010 _a205258
040 _cCHAP
090 _aPA TESIS 1724
100 _aAguilar Rodríguez, Arturo
_92833
245 _aNematodo dorado de la papa (Glodobera rostochiensis Wollenber, 1923; Behrens, 1975) identificación y evaluación de productos antinematodos en el municipio de Emiliano Zapata Tlaxcala /
_c por Arturo Aguilar Rodríguez
260 _aChapingo, Méx. :
_b el autor
300 _a93 h.
502 _aTesis (M.C. Esp. Protección Vegetal) UACh. Departamento Parasitología Agrícola
650 _aGlobodera rostochiensis
_948304
650 _aNematicidas
_980808
650 _aNemátodos parásitos de plantas
_x control
_9170134
710 _aUACh. Departamento Parasitología Agrícola
_9164025
901 _aPA TESIS 1724
902 _aA
905 _a0000002003 an 0000000000 00
910 _a2003
942 _cPARA
942 _cPARA
_d1
999 _c205258
_d205258